000 00620nam a2200217Ii 4500
001 3504
003 CO-ViMGA
008 241108s9999||||xx |||||||||||||| ||und||
020 _a9588004055
040 _aCO-ViMGA
_bspa
_erda
_cCO-ViMGA
041 0 _aspa
082 0 4 _a986.1061 - M687
100 1 _aRafael Mojica García
_951436
245 1 0 _aBolívar en los Llanos
264 1 _aBogotá, Colombia : Universidad del Meta, 2001
300 _avolumen
336 _atext
_btxt
_2rdacontent
337 _aunmediated
_bn
_2rdamedia
338 _avolume
_bnc
_2rdacarrier
940 _aidficha_siabuc: 3418. -- ficha_no_siabuc:3504
999 _c46163
_d46163